| 000 | 00536nam a2200181Ia 4500 | ||
|---|---|---|---|
| 008 | 090124s9999 xx 000 0 und d | ||
| 082 | _b35012 | ||
| 100 | _aपरांजपे शांता | ||
| 245 | _a मुक्ताई | ||
| 250 | _a1 | ||
| 260 |
_bकेशव भिकाजी ढवऴे _c1998 |
||
| 300 | _a56 | ||
| 600 | _aपरांजपे शांता | ||
| 630 | _a मुक्ताई | ||
| 700 | _aपरांजपे शांता | ||
| 730 | _a मुक्ताई | ||
| 942 | _cBOOK | ||
| 999 |
_c100965 _d100965 |
||